[Event "Cto Equipos Aragon 2012 Preferente A"]
[Site "Aragon"]
[Date "2012.03.31"]
[Round "9.51"]
[White "Dominguez Luzon Fernando"]
[Black "Marcellan Peire Jesus Eduardo"]
[Result "0-1"]
[WhiteElo "2004"]
[BlackElo "1865"]

1.d4 Nf6 2.Nf3 g6 3.c4 Bg7 4.Nc3 d6 5.e4 O-O 6.Be2 Nbd7 7.O-O e5 8.d5 h6 9.Qc2
Nh7 10.b4 f5 11.Nd2 f4 12.c5 Ndf6 13.Nc4 Ng5 14.f3 Nh5 15.cxd6 cxd6 16.Bd2
Nh3+ 17.gxh3 Bxh3 18.Be1 Qg5+ 0-1

[Event "Cto Equipos Aragon 2012 Preferente A"]
[Site "Aragon"]
[Date "2012.03.31"]
[Round "9.52"]
[White "Merin Flores Miguel Angel"]
[Black "Fleta Marin Sergio"]
[Result "1-0"]
[WhiteElo "1722"]
[BlackElo "1669"]

1.d4 d5 2.c4 c6 3.Nc3 e6 4.Nf3 Nf6 5.Bg5 h6 6.Bxf6 Qxf6 7.e3 Nd7 8.Bd3 Bd6 9.
Rc1 O-O 10.a3 a5 11.e4 Bf4 12.e5 Qd8 13.Rc2 c5 14.cxd5 cxd4 15.Ne2 Bxe5 16.
dxe6 fxe6 17.Bc4 Qf6 18.O-O d3 19.Qxd3 Bxb2 20.Bxe6+ Kh8 21.Ba2 Ne5 22.Nxe5
Bxe5 23.Rc5 b6 24.Rcc1 Qh4 25.g3 Qg4 26.Bd5 Ba6 27.Qe3 Rae8 28.f3 Qh3 29.Be4
h5 30.Rfe1 h4 31.Qg5 hxg3 32.hxg3 Bxe2 33.Rxe2 Bd4+ 34.Re3 Bxe3+ 35.Qxe3 Qxg3+
36.Kf1 Qf4 37.Ke2 Qh2+ 38.Kd3 Rd8+ 39.Kc4 Rc8+ 40.Kb3 Qe5 41.Rh1+ Kg8 42.Bh7+
1-0

[Event "Cto Equipos Aragon 2012 Preferente B"]
[Site "Aragon"]
[Date "2012.03.31"]
[Round "9.54"]
[White "Gella Lopez Angel"]
[Black "Rodriguez Leiva Manuel"]
[Result "1-0"]
[WhiteElo "2080"]
[BlackElo "2046"]

1.Nf3 e6 2.c4 Nf6 3.g3 d5 4.Bg2 Be7 5.O-O O-O 6.d4 Nbd7 7.Nc3 c6 8.b3 Re8 9.
Bb2 Nf8 10.Qc2 Bb4 11.Rad1 Ng6 12.h4 Qe7 13.Nb1 Bd6 14.Nc3 Ba3 15.Bxa3 Qxa3
16.Rfe1 Qb4 17.Nd2 Bd7 18.e4 dxe4 19.Ndxe4 Nxe4 20.Nxe4 Rad8 21.h5 Nf8 22.c5
Bc8 23.Nd6 Re7 24.Qe4 Red7 25.Nc4 h6 26.Re3 Rd5 27.Qh4 R5d7 28.a3 Qb5 29.Bf1
Qa6 30.a4 b5 31.cxb6 Qb7 32.bxa7 Qxa7 33.Red3 Ba6 34.R3d2 Bxc4 35.Bxc4 Nh7 36.
Qe4 Qb6 37.Kg2 Nf6 38.Qe5 Qb4 39.f3 Qc3 40.Rd3 Qb4 41.g4 Nd5 42.Bxd5 Rxd5 43.
Qe3 Qe7 44.Rc3 Qd7 45.Rdc1 Rxd4 46.Rxc6 Rd2+ 47.Kf1 Rd3 48.Qf4 Qd5 49.Kg2 Rd2+
50.Kg3 Qd3 51.Rc8 Rb2 52.R1c7 f6 53.Qe4 Qd6+ 54.f4 Rxb3+ 55.Rc3 Rxc8 56.Rxb3
Rc7 57.Rb8+ 1-0

[Event "Cto Equipos Aragon 2012 Preferente B"]
[Site "Aragon"]
[Date "2012.03.31"]
[Round "9.55"]
[White "Salas Latorre Jose"]
[Black "Bellosta Lopez Pablo"]
[Result "0-1"]
[WhiteElo "1783"]
[BlackElo "2042"]

1.d4 Nf6 2.Bg5 e6 3.e4 c5 4.e5 h6 5.Bxf6 gxf6 6.c3 cxd4 7.Qxd4 Nc6 8.Qe3 Nxe5
9.Nd2 Qc7 10.h3 b6 11.Ngf3 Bc5 12.Qe2 Bb7 13.Nxe5 Qxe5 14.Qxe5 fxe5 15.Nb3 Be7
16.Rg1 Rg8 17.g3 Bg5 18.Bg2 O-O-O 19.Bxb7+ Kxb7 20.Ke2 d5 21.Rad1 Bf6 22.Ke3
Bg5+ 23.Ke2 f5 24.h4 Bf6 25.Rd3 Bxh4 26.Rdd1 Bf6 27.Kf1 h5 28.Nc1 Rg4 29.Re1
Kc6 30.Nd3 e4 31.Nf4 e5 32.Ng2 f4 33.Rc1 fxg3 34.c4 d4 35.fxg3 Bg5 36.Rc2 e3
37.b3 d3 0-1

[Event "Cto Equipos Aragon 2012 Preferente B"]
[Site "Aragon"]
[Date "2012.03.31"]
[Round "9.56"]
[White "Gomez Zazurca Rodolfo"]
[Black "Olivan Alvira Alejandro"]
[Result "1/2-1/2"]
[WhiteElo "1801"]
[BlackElo "1569"]

1.e4 d5 2.exd5 Qxd5 3.Nc3 Qa5 4.Bc4 c6 5.d3 Bf5 6.Bd2 e6 7.Nf3 Nf6 8.Qe2 Qd8
9.O-O-O Be7 10.Ne5 Nbd7 11.g4 Bg6 12.Nxg6 hxg6 13.f4 Rh3 14.f5 gxf5 15.gxf5 e5
16.Rhg1 Nh5 17.Ne4 Bf6 18.Nd6+ Kf8 19.Qg2 Rh4 20.Nxf7 Qe7 21.Rde1 Rxc4 22.dxc4
Qxf7 23.Qe4 a5 1/2-1/2

[Event "Cto Equipos Aragon 2012 Preferente B"]
[Site "Aragon"]
[Date "2012.03.31"]
[Round "9.58"]
[White "Carruez Berges Santiago"]
[Black "Gimeno Oteo Marco Antonio"]
[Result "0-1"]
[WhiteElo "2117"]
[BlackElo "2110"]

1.Nf3 Nf6 2.g3 g6 3.Bg2 Bg7 4.O-O O-O 5.d3 d5 6.Nbd2 c5 7.e4 e6 8.c3 dxe4 9.
Nxe4 Nxe4 10.dxe4 Qb6 11.Qc2 e5 12.Be3 Qc7 13.Rfd1 b6 14.Qd2 Bb7 15.Nh4 Na6
16.Qd7 Rad8 17.Qa4 Nb8 18.Qxa7 Na6 0-1

[Event "Cto Equipos Aragon 2012 Preferente B"]
[Site "Aragon"]
[Date "2012.03.31"]
[Round "9.59"]
[White "Gutierrez Mingueza Ruben"]
[Black "Martinez Asensio Juan Miguel"]
[Result "1-0"]
[WhiteElo "2074"]
[BlackElo "2116"]

1.d4 Nf6 2.c4 c5 3.d5 b5 4.cxb5 a6 5.b6 Qxb6 6.Nc3 d6 7.e4 g6 8.Nf3 Nbd7 9.Be2
Bg7 10.O-O O-O 11.h3 Bb7 12.Nd2 Rad8 13.Nc4 Qc7 14.Be3 Nb6 15.Nxb6 Qxb6 16.Qd2
e6 17.b4 exd5 18.exd5 Rfe8 19.Rab1 Qc7 20.bxc5 dxc5 21.Bf4 Qc8 22.Bf3 Qa8 23.
Rfd1 Nd7 24.Bc7 Rc8 25.Rxb7 Qxb7 26.d6 Qb4 27.Nd5 Qxd2 28.Rxd2 Re1+ 29.Kh2
Be5+ 30.g3 Re8 31.Ne3 Nf6 32.Ng4 Nxg4+ 33.hxg4 g5 34.Bc6 Re6 35.Bd7 Rh6+ 36.
Kg2 Kg7 37.Bf5 Rf6 38.Ba5 Bxd6 39.Rxd6 Rxd6 40.Bxe1 Rd1 41.Bc3+ f6 42.Kf3 h6
43.Ke2 Rd6 44.Bd3 Kf7 45.Bd2 Rd4 46.Bxa6 Ra4 47.Bb5 Rxg4 48.Be3 Rb4 49.a4 c4
50.Bd2 Rb2 51.Bxc4+ Ke7 52.a5 h5 53.a6 Rb1 54.Bc3 1-0

[Event "Cto Equipos Aragon 2012 Preferente B"]
[Site "Aragon"]
[Date "2012.03.31"]
[Round "9.60"]
[White "Larrosa Poves Jose Manuel"]
[Black "Palomar Ramon Santiago"]
[Result "1-0"]
[WhiteElo "1950"]
[BlackElo "2029"]

1.d4 Nf6 2.c4 e6 3.g3 d5 4.Bg2 a6 5.Nf3 dxc4 6.Ne5 c5 7.e3 Ra7 8.O-O cxd4 9.
exd4 b5 10.a4 Bb7 11.axb5 Bxg2 12.Kxg2 Qd5+ 13.Kg1 Qxb5 14.Nc3 Qb3 15.Qf3 Be7
16.d5 exd5 17.Be3 Nbd7 18.Nc6 Rc7 19.Nxe7 Ne5 20.Qe2 Rxe7 21.Rxa6 O-O 22.Bc5
Ne4 23.Bxe7 Re8 24.Nxd5 Nf3+ 25.Kg2 Ned2 26.Bb4 Rd8 27.Ra3 Nd4 28.Qxd2 1-0

[Event "Cto Equipos Aragon 2012 Preferente B"]
[Site "Aragon"]
[Date "2012.03.31"]
[Round "9.61"]
[White "Landa Garriga Francisco Javier"]
[Black "Argueso Pascual Jorge"]
[Result "1/2-1/2"]
[WhiteElo "1986"]
[BlackElo "1998"]

1.e4 c5 2.Nf3 Nc6 3.d4 cxd4 4.Nxd4 Qb6 5.Nb3 Nf6 6.Nc3 e6 7.Be3 Qc7 8.g3 Bb4
9.Bg2 b6 10.O-O Ba6 11.Ne2 Rc8 12.c3 Be7 13.Re1 O-O 14.Ned4 Rfd8 15.Rc1 d5 16.
Nxc6 Qxc6 17.e5 Nd7 18.f4 Nc5 19.Nxc5 Bxc5 20.Bxc5 Qxc5+ 21.Qd4 Rc7 22.Red1
Rdc8 23.Qxc5 Rxc5 24.Rd4 Kf8 25.Kf2 Bc4 26.a3 Ke7 27.Ke3 Bb5 28.Rcd1 a5 29.Bh3
Bd7 30.f5 exf5 31.Kf4 Be6 32.Bxf5 h6 33.g4 Rc4 34.Rxc4 Rxc4+ 35.Rd4 Rc5 36.Bd3
g5+ 37.Kg3 f6 38.exf6+ Kxf6 39.Be2 Rc7 40.Bf3 Ke5 41.h3 Rf7 42.Kf2 Rf4 43.Ke3
Rf8 1/2-1/2

[Event "Cto Equipos Aragon 2012 Preferente B"]
[Site "Aragon"]
[Date "2012.03.31"]
[Round "9.62"]
[White "Ruiz Gutierrez Jose Manuel"]
[Black "Sanz Lopez Ruben"]
[Result "1/2-1/2"]
[WhiteElo "1863"]
[BlackElo "1945"]

1.c4 g6 2.Nf3 c5 3.Nc3 Bg7 4.d4 cxd4 5.Nxd4 Nc6 6.Nc2 Nf6 7.e4 d6 8.Be2 O-O 9.
O-O a5 10.Rb1 Nd7 11.Be3 Nc5 12.Nd4 Bd7 13.f4 a4 14.Bf3 Nb4 15.Qd2 Nba6 16.f5
Nc7 17.fxg6 hxg6 18.Rbe1 Rb8 19.Bg5 N7e6 20.Nxe6 Bxe6 21.Nd5 Bxd5 22.exd5 Be5
23.Bd1 b5 24.b3 axb3 25.axb3 bxc4 26.Rxe5 dxe5 27.bxc4 Qd6 28.Bc2 Rb2 29.Qc3
Rfb8 30.Bc1 R2b7 31.Qf3 f5 32.Qg3 Kf8 33.Re1 Rb4 34.Qh4 Ke8 35.Ba3 Kd7 36.Bxb4
Rxb4 37.Bb1 Qxd5 38.cxd5 Rxh4 39.Rxe5 Kd6 40.Re1 Rd4 41.Ba2 Ne4 42.Rc1 Rd2 43.
Rc6+ Ke5 44.Bb3 Rb2 45.Bc2 Kxd5 46.Bxe4+ Kxe4 47.Re6+ Kf4 48.Rxe7 Rb1+ 49.Kf2
Rb2+ 50.Kf1 Rb1+ 51.Kf2 Rb2+ 52.Kf1 Kg5 53.Re2 Rb1+ 54.Kf2 Kf6 55.Ra2 Kg5 56.
Rc2 Kh5 57.g3 Rb3 58.h3 f4 59.Rc5+ Kh6 60.gxf4 Rxh3 61.Rb5 1/2-1/2

[Event "Cto Equipos Aragon 2012 Preferente B"]
[Site "Aragon"]
[Date "2012.03.31"]
[Round "9.63"]
[White "Gayan Carceller Miguel Angel"]
[Black "Argueso Palomino Manuel"]
[Result "1-0"]
[WhiteElo "1909"]
[BlackElo "1800"]

1.d4 d5 2.c4 e6 3.Nc3 c6 4.e3 Nf6 5.Nf3 Bd6 6.Bd3 Nbd7 7.O-O Qc7 8.b3 Ng4 9.h3
h5 10.Bb2 e5 11.cxd5 exd4 12.exd4 Ngf6 13.Re1+ Kf8 14.dxc6 bxc6 15.Rc1 Qb8 16.
Ne4 Bb4 17.Re2 Bb7 18.Nxf6 Nxf6 19.Ne5 Qd6 20.Bc4 Nd5 21.Re4 Rd8 22.Qf3 Qf6
23.Qe2 Qf5 24.Bd3 Qc8 25.Rh4 g6 26.Qf3 Qe6 27.Nxg6+ Kg7 28.Nxh8 Bd2 29.Qg3+
Kxh8 30.Rxh5+ Bh6 31.Qh4 Rd6 32.Ba3 Kg7 33.Bxd6 Bxc1 34.Rh7+ Kg8 35.Qd8+ 1-0

[Event "Cto Equipos Aragon 2012 Preferente B"]
[Site "Aragon"]
[Date "2012.03.31"]
[Round "9.64"]
[White "Teresa Moyano Alejandro"]
[Black "Carilla Garcia Angel"]
[Result "1-0"]
[WhiteElo "1796"]
[BlackElo "1905"]

1.d4 e6 2.Nf3 f5 3.e3 Nf6 4.Bd3 Be7 5.Nbd2 c6 6.e4 d5 7.e5 Ne4 8.O-O O-O 9.c3
Bd7 10.Be2 Be8 11.Nxe4 fxe4 12.Nd2 c5 13.f3 exf3 14.Nxf3 Nc6 15.Bd3 cxd4 16.
cxd4 Bf7 17.Be3 Kh8 18.a3 Rc8 19.g4 Qb6 20.Rf2 Na5 21.Qf1 Bg8 22.Qh3 Qd8 23.g5
Nc4 24.Bxh7 Rxf3 25.Rxf3 Bxg5 26.Bg6+ Bh4 27.Qg4 Bh7 28.Qh5 1-0

[Event "Cto Equipos Aragon 2012 Preferente B"]
[Site "Aragon"]
[Date "2012.03.31"]
[Round "9.65"]
[White "Garcia Andres Daniel"]
[Black "Pellicer Cemeli Jose Luis"]
[Result "1/2-1/2"]
[WhiteElo "2008"]
[BlackElo "2068"]

1.e4 e6 2.d4 d5 3.Nd2 Nf6 4.e5 Nfd7 5.Bd3 c5 6.c3 Nc6 7.Ngf3 cxd4 8.cxd4 g6 9.
O-O Bg7 10.Re1 O-O 11.Nb3 f6 12.exf6 Qxf6 13.Bg5 Qf7 14.Bh4 e5 15.dxe5 Ndxe5
16.Be2 Bg4 17.Ng5 Bxe2 18.Rxe2 Qf5 19.Qxd5+ Kh8 20.Ne6 Rf7 21.Nxg7 Kxg7 22.Nd4
Qh5 23.Nxc6 Nf3+ 24.Qxf3 Rxf3 25.gxf3 bxc6 26.Bg3 Qxf3 27.Rae1 Rf8 28.Re3 Qg4
29.Re4 Qg5 30.Re6 1/2-1/2

[Event "Cto Equipos Aragon 2012 Preferente B"]
[Site "Aragon"]
[Date "2012.03.31"]
[Round "9.66"]
[White "Felez Casedas Carlos"]
[Black "Plo Palacian Sandra"]
[Result "1-0"]
[WhiteElo "2024"]
[BlackElo "1980"]

1.Nf3 d5 2.b3 Nf6 3.Bb2 c5 4.e3 Nc6 5.Bb5 Bd7 6.O-O e6 7.d3 a6 8.Bxc6 Bxc6 9.
Ne5 Bd6 10.Nd2 Qc7 11.f4 O-O-O 12.Ndf3 h6 13.Nxc6 Qxc6 14.Be5 Bxe5 15.Nxe5 Qc7
16.b4 c4 17.a4 g5 18.b5 a5 19.Rb1 Rd6 20.fxg5 Rb6 21.d4 Ne4 22.Rxf7 Qd8 23.Qe1
Qxg5 24.Qxa5 Qxe3+ 25.Kh1 Nf2+ 26.Rxf2 Qxf2 27.Qa8+ Kc7 28.Qxh8 1-0

[Event "Cto Equipos Aragon 2012 Preferente B"]
[Site "Aragon"]
[Date "2012.03.31"]
[Round "9.67"]
[White "Calvo Mayayo Jose Maria"]
[Black "Landa Galindo Victor"]
[Result "1/2-1/2"]
[WhiteElo "1931"]
[BlackElo "1945"]

1.c4 Nf6 2.g3 d6 3.Bg2 c5 4.Nc3 Nc6 5.d3 g6 6.Bg5 Bg7 7.Qc1 Bd7 8.Bh6 O-O 9.
Bxg7 Kxg7 10.Nf3 a6 11.h4 h5 12.Ng5 Rg8 13.Nge4 Nxe4 14.Bxe4 Nd4 15.e3 Nc6
1/2-1/2

[Event "Cto Equipos Aragon 2012 Preferente B"]
[Site "Aragon"]
[Date "2012.03.31"]
[Round "9.69"]
[White "Correas Marcen Jose Maria"]
[Black "Hinojar Basa Alfonso"]
[Result "0-1"]
[WhiteElo "1994"]
[BlackElo "2194"]

1.e4 e6 2.c4 d5 3.cxd5 exd5 4.exd5 Nf6 5.Bb5+ Nbd7 6.Nc3 Be7 7.Nge2 O-O 8.O-O
Nb6 9.d4 Nbxd5 10.Bg5 Bf5 11.Nxd5 Nxd5 12.Bxe7 Qxe7 13.Ng3 Bg6 14.Bd3 Qb4 15.
Bxg6 hxg6 16.Qc2 Rad8 17.Rad1 Rfe8 18.a3 Qb6 19.Rd2 Nf4 20.Rfd1 c6 21.h3 Qb5
22.Qc5 a6 23.Qxb5 axb5 24.Kf1 Re7 25.Ne2 Ne6 26.d5 Red7 27.d6 Nc5 28.Nc3 b6
29.b4 Nb7 30.a4 bxa4 31.Nxa4 b5 32.Nc5 Rxd6 33.Rxd6 Rxd6 34.Rc1 Nxc5 35.Rxc5
Kf8 36.Ke2 Ke7 37.Ke3 Kd7 38.Ke4 Rd2 0-1

[Event "Cto Equipos Aragon 2012 Preferente B"]
[Site "Aragon"]
[Date "2012.03.31"]
[Round "9.70"]
[White "Jario Garcia Ricardo"]
[Black "De La Riva Fernandez Eduardo"]
[Result "1-0"]
[WhiteElo "2128"]
[BlackElo "1985"]

1.e4 e6 2.d4 d5 3.e5 c5 4.c3 Nc6 5.Be3 cxd4 6.cxd4 Qb6 7.Qd2 Bb4 8.Nc3 Bd7 9.
Nf3 Rc8 10.Bd3 Bxc3 11.bxc3 Na5 12.O-O Nc4 13.Qc2 Ne7 14.Nd2 Qc7 15.Rac1 b5
16.Nb3 h6 17.Qe2 Qd8 18.Nc5 Rb8 19.Rb1 Rb6 20.Qg4 Rg8 21.Qf3 Bc8 22.a4 a6 23.
axb5 axb5 24.Qg3 Kf8 25.Qf3 Nf5 26.Ra1 g5 27.h3 Kg7 28.Ra7 Rf8 29.Qh5 Ne7 30.
Bxg5 1-0

[Event "Cto Equipos Aragon 2012 Preferente B"]
[Site "Aragon"]
[Date "2012.03.31"]
[Round "9.71"]
[White "Gimeno Garcia David"]
[Black "Sancho Cortes Miguel Angel"]
[Result "0-1"]
[WhiteElo "1948"]
[BlackElo "2094"]

1.d4 f5 2.c4 Nf6 3.Nc3 d6 4.Nf3 g6 5.Bg5 Bg7 6.e3 c6 7.Bd3 Na6 8.a3 O-O 9.O-O
Nc7 10.Rc1 Qe8 11.b4 e5 12.Bb1 e4 13.Nd2 Ne6 14.Bxf6 Bxf6 15.c5 d5 16.a4 f4
17.Ndxe4 dxe4 18.Nxe4 Bg7 19.Nd6 Qe7 20.Ba2 Kh8 21.d5 cxd5 22.Qxd5 Ng5 23.exf4
Be6 24.Qxb7 Qxb7 25.Nxb7 Rxf4 26.Bxe6 Nxe6 27.Rb1 Nd4 28.g3 Re4 29.Nd6 Re2 30.
b5 Rf8 31.f4 Kg8 32.c6 Rc2 33.a5 Rd8 34.Rf2 Rc3 35.Nb7 Rb8 36.a6 Nxc6 37.bxc6
Bd4 38.Kf1 Bxf2 39.Kxf2 Rxc6 40.Ra1 Rbc8 41.Kf3 Re6 42.Kg4 Kg7 43.Rd1 Rc7 44.
Ra1 Rb6 45.Nd8 Rd7 46.Nb7 Rd2 47.h3 Rd5 48.Ra3 Kf6 49.Kf3 Rdb5 50.Kg4 Rb3 51.
Ra2 Rc3 52.Kh4 Rcc6 53.g4 Rxa6 54.Rd2 Ke7 55.f5 gxf5 56.gxf5 Kf6 57.Rf2 Ra3
58.Rf4 Rcc3 59.Rf1 Rxh3+ 60.Kg4 Rag3+ 61.Kf4 Rb3 62.Ke4 Rxb7 0-1

[Event "Cto Equipos Aragón 2012 Div H. Titulo"]
[Site "Aragon"]
[Date "2012.04.14"]
[Round "10.1"]
[White "Forcen Esteban Daniel"]
[Black "Adla Diego"]
[Result "1/2-1/2"]
[WhiteElo "2428"]
[BlackElo "2499"]

1.e4 e5 2.Nf3 Nc6 3.Bc4 Bc5 4.c3 Nf6 5.d3 a6 6.Nbd2 Ba7 7.h3 O-O 8.Bb3 d6 9.
Nf1 Be6 10.Ng3 Re8 11.O-O h6 12.Qe2 Nd7 13.Nh2 Qh4 14.Be3 Bxe3 15.Qxe3 Qf4 16.
d4 Bxb3 17.axb3 Nf6 18.d5 Ne7 19.Qd3 Rf8 20.Nf3 g6 21.b4 h5 22.Nd2 Nd7 23.c4
f5 24.exf5 Nxf5 25.Ne2 Qh4 26.Ne4 Nf6 27.Nxf6+ Rxf6 28.Nc3 Nd4 29.Ne4 Rf4 30.
Rae1 Raf8 31.Nxd6 cxd6 32.Qxg6+ Kh8 33.Qh6+ 1/2-1/2

[Event "Cto Equipos Aragón 2012 Div H. Titulo"]
[Site "Aragon"]
[Date "2012.04.14"]
[Round "10.2"]
[White "Glavina Pablo"]
[Black "Baron Rodriguez Jesus"]
[Result "1/2-1/2"]
[WhiteElo "2457"]
[BlackElo "2449"]

1.d4 d5 2.c4 e6 3.Nf3 Nf6 4.g3 dxc4 5.Bg2 Bb4+ 6.Bd2 a5 7.Qc2 Bxd2+ 8.Qxd2 Qe7
9.O-O O-O 10.Na3 Ne4 11.Qc1 Nc6 12.Nxc4 Rd8 13.Rd1 Qf6 14.Qc2 Nd6 15.Nce5 Bd7
16.e4 Be8 17.Rac1 Nb5 18.Ng4 Qe7 19.Qc4 Qb4 20.d5 Qxc4 21.Rxc4 f5 22.Ne3 Nb4
23.Ng5 exd5 24.exd5 c6 25.Nxf5 Nxd5 26.Ne6 Nd6 27.Nxd6 Rxd6 28.Nc7 Rad8 29.
Nxe8 Rxe8 30.Rc5 Re2 31.Bxd5+ cxd5 32.Rdxd5 Rxd5 33.Rxd5 Rxb2 34.Rxa5 Kf7 35.
Kg2 b6 36.Ra7+ Kf6 37.g4 Rb5 38.h4 h5 39.g5+ Kg6 40.Kg3 Rb4 41.f3 b5 42.Ra6+
Kf7 43.Rb6 Ke7 44.a3 Rb3 45.Kf4 Rxa3 46.Kf5 Rxf3+ 47.Kg6 Rf4 48.Kxg7 Rxh4 49.
g6 Rg4 50.Kh7 h4 51.g7 Kf7 52.g8=Q+ Rxg8 53.Rb7+ Kf6 54.Kxg8 Kg5 55.Rxb5+ Kg4
1/2-1/2

[Event "Cto Equipos Aragón 2012 Div H. Titulo"]
[Site "Aragon"]
[Date "2012.04.14"]
[Round "10.3"]
[White "Castillo Sanjuan Alejandro"]
[Black "Lopez Gracia Fernando"]
[Result "1/2-1/2"]
[WhiteElo "2044"]
[BlackElo "2336"]

1.e4 e6 2.d4 d5 3.Nc3 dxe4 4.Nxe4 Nd7 5.Nf3 Ngf6 6.Nxf6+ Nxf6 7.Bd3 c5 8.Bg5
cxd4 9.Bxf6 gxf6 10.Nxd4 Bc5 11.Nb3 Bb6 12.Qf3 f5 13.O-O-O Qg5+ 14.Kb1 O-O 15.
h3 e5 16.Bc4 e4 17.Qe2 Qe7 18.Rhe1 Be6 19.Bxe6 fxe6 20.g4 Rad8 21.c3 Rxd1+ 22.
Rxd1 Rd8 23.Nd4 Bxd4 24.cxd4 Qf6 25.Qe3 Kh8 26.a3 h6 27.gxf5 exf5 28.d5 a6 29.
f3 exf3 30.Qxf3 Qe5 31.Ka1 Rd6 32.Qb3 b5 33.Qc2 f4 34.Qc8+ Kh7 35.Qb7+ Qg7 36.
Qc8 Qf7 37.Qc2+ Kh8 38.Qe4 f3 39.Qe5+ Qf6 40.Qe8+ Kh7 41.Re1 h5 42.Qxh5+ Kg7
43.Re8 f2 44.Qh8+ Kg6 45.Rg8+ Kf5 46.Qh5+ Ke4 47.Re8+ Kd4 48.Qd1+ Kc5 49.Qc1+
Kxd5 50.Qd1+ Kc6 51.Qc1+ Kd5 52.Qf1 Re6 53.Qd1+ Kc6 54.Rxe6+ Qxe6 55.Qf3+ Qd5
56.Qxf2 Qd1+ 57.Ka2 Qd5+ 58.b3 a5 59.Qc2+ Kb6 60.Kb2 Qe5+ 61.Qc3 Qh2+ 62.Kc1
Qh1+ 63.Kc2 Qh2+ 64.Qd2 Qxh3 65.Qd6+ Kb7 66.b4 Qg2+ 67.Kc3 Qf3+ 68.Qd3 axb4+
69.axb4 Qxd3+ 70.Kxd3 Kc6 71.Ke4 Kd6 72.Kd4 Kc6 73.Ke5 Kb6 74.Kd6 Ka6 75.Kc6
Ka7 76.Kxb5 Kb7 77.Kc5 Kc7 78.b5 Kb7 79.b6 Kb8 80.Kb5 Kb7 81.Kc5 Kb8 82.Kc6
1/2-1/2

[Event "Cto Equipos Aragón 2012 Div H. Titulo"]
[Site "Aragon"]
[Date "2012.04.14"]
[Round "10.4"]
[White "Moreno Gracia Daniel"]
[Black "Castillo Sanjuan Daniel"]
[Result "1-0"]
[WhiteElo "2322"]
[BlackElo "2019"]

1.Nf3 d6 2.g3 e5 3.Bg2 g6 4.d3 Bg7 5.c4 Nc6 6.Nc3 Nge7 7.O-O O-O 8.Rb1 f5 9.
Bd2 h6 10.b4 a6 11.b5 axb5 12.cxb5 Nd4 13.Nxd4 exd4 14.Qb3+ Kh8 15.Na4 c5 16.
bxc6 bxc6 17.Nb6 Rb8 18.a4 Ba6 19.a5 Re8 20.Qf7 Kh7 21.Rfe1 d5 22.Qe6 Rxb6 23.
axb6 Bc8 24.Qf7 Rf8 25.Qxf8 Qxf8 26.b7 Bxb7 27.Rxb7 Nc8 28.Ra1 Qe8 29.Ra8 Qe6
30.Rc7 Nd6 31.Raa7 Ne8 32.Re7 Qc8 33.Bf4 Kh8 34.Reb7 g5 35.Rb8 1-0

[Event "Cto Equipos Aragón 2012 Div H. Titulo"]
[Site "Aragon"]
[Date "2012.04.14"]
[Round "10.5"]
[White "Antoli Royo Joaquin Miguel"]
[Black "Llorente Zaro Alfonso"]
[Result "0-1"]
[WhiteElo "2410"]
[BlackElo "2445"]

1.e4 e5 2.Nf3 Nc6 3.Nc3 Nf6 4.a3 g6 5.Nxe5 Nxe5 6.d4 Nc6 7.d5 Bg7 8.dxc6 bxc6
9.Bc4 O-O 10.O-O Nxe4 11.Nxe4 d5 12.Bg5 f6 13.Bf4 dxc4 14.Qe2 Be6 15.b3 Re8
16.Nc5 Bf7 17.Be3 Qe7 18.Qd2 f5 19.b4 Rad8 20.Qc1 Bf6 21.Nb7 Rd5 22.Na5 c3 23.
Bxa7 Rd2 24.Be3 Qd6 25.Re1 Rxe3 26.Rxe3 Bd4 27.Nb7 Qd7 28.Nc5 Qd8 29.Qe1 Bxe3
30.fxe3 Rxc2 31.a4 Rd2 32.a5 c2 33.Nb7 Qd5 0-1

[Event "Cto Equipos Aragón 2012 Div H. Titulo"]
[Site "Aragon"]
[Date "2012.04.14"]
[Round "10.6"]
[White "Mimbela Lopez Miguel A"]
[Black "Garza Marco Sergio"]
[Result "0-1"]
[WhiteElo "2178"]
[BlackElo "2394"]

1.d4 f5 2.c4 Nf6 3.Nc3 d6 4.Nf3 g6 5.g3 Bg7 6.Bg2 O-O 7.O-O c6 8.d5 Bd7 9.Nd4
Qb6 10.Nb3 Qb4 11.Nd2 Na6 12.a3 Qb6 13.Nf3 Nc5 14.Rb1 Qa6 15.Nd2 cxd5 16.Nxd5
Nxd5 17.Bxd5+ e6 18.Bg2 Rac8 19.b3 b5 20.a4 bxa4 21.b4 a3 22.Bxa3 Qxa3 23.bxc5
Ba4 24.Qc1 Qxc5 25.e3 Rf7 26.h4 Rfc7 27.Bb7 Rb8 28.Bg2 Rb4 29.h5 gxh5 30.Qe1
a5 31.Qe2 Be8 32.e4 Bg6 33.exf5 Bxf5 34.Be4 Bg4 35.Qd3 Be5 36.Kg2 Qd4 37.Qc2
d5 38.Rxb4 axb4 39.Bd3 Qc3 40.f3 Qxc2 41.Bxc2 Bf5 42.Bb3 Bc3 0-1

[Event "Cto Equipos Aragón 2012 Div H. Titulo"]
[Site "Aragon"]
[Date "2012.04.14"]
[Round "10.7"]
[White "Fontana Sotomayor Luis Javier"]
[Black "Delgado Salcedo Eduardo"]
[Result "1-0"]
[WhiteElo "2345"]
[BlackElo "2174"]

1.d4 f5 2.Nf3 Nf6 3.g3 e6 4.Bg2 d5 5.O-O Bd6 6.c4 c6 7.b3 Qe7 8.Bb2 O-O 9.Qc1
Bd7 10.Ba3 Be8 11.Bxd6 Qxd6 12.Qa3 Qxa3 13.Nxa3 Bh5 14.e3 Bxf3 15.Bxf3 Nbd7
16.Bg2 a5 17.Nb1 Ne4 18.f3 Nd6 19.c5 Nb5 20.a4 Nc7 21.f4 Na6 22.Nc3 Rfb8 23.
Rfc1 b6 24.cxb6 Rxb6 25.Nd1 Ndb8 26.Rc3 Ra7 27.Rb1 Rab7 28.Bf1 Nd7 29.Nf2 Nb4
30.Rb2 Kf7 31.h3 Ke7 32.g4 g6 33.Kg2 Kd6 34.Kg3 Nf6 35.Rc5 Ra7 36.g5 Ne4+ 37.
Nxe4+ fxe4 38.h4 Nd3 39.Bxd3 exd3 40.Rc3 Rab7 41.Rxd3 Rb4 42.Rc3 Rxa4 43.bxa4
Rxb2 44.Rc5 Re2 45.Kf3 Rh2 46.Rxa5 Rxh4 47.Ra7 Rh3+ 48.Ke2 Rh2+ 49.Kd3 h5 50.
Rg7 Ra2 51.Rxg6 Rxa4 52.f5 Ke7 53.Rxe6+ Kf7 54.Rxc6 Ra1 55.g6+ Kg7 56.Rc7+ Kg8
57.f6 Ra8 58.Rg7+ 1-0

[Event "Cto Equipos Aragón 2012 Div H. Titulo"]
[Site "Aragon"]
[Date "2012.04.14"]
[Round "10.8"]
[White "Martinez Asensio Juan Miguel"]
[Black "Ramiro Ovejero Juan Luis"]
[Result "0-1"]
[WhiteElo "2116"]
[BlackElo "2303"]

1.c4 e5 2.g3 Nf6 3.Bg2 c6 4.d4 e4 5.Nc3 Bb4 6.Bg5 d5 7.Rc1 Nbd7 8.cxd5 cxd5 9.
Nh3 O-O 10.O-O Bxc3 11.Rxc3 Re8 12.Qb3 h6 13.Bf4 Nb6 14.Bc7 Qe7 15.Bxb6 axb6
16.Qxb6 Rxa2 17.Rfc1 Ra6 18.Qb5 Bg4 19.Nf4 Qd6 20.Rc5 Rd8 21.Qxb7 Rb8 22.Qc7
Qxc7 23.Rxc7 g5 24.R7c6 Rxc6 25.Rxc6 Rxb2 26.h3 Rb1+ 27.Kh2 gxf4 28.Rxf6 fxg3+
29.Kxg3 Bxe2 30.Rxh6 Rg1 31.Kh2 Rd1 32.Rd6 Rxd4 33.Kg3 Kf8 34.Kf4 Ke7 35.Ke5
f6+ 36.Rxf6 Rd2 37.Rd6 Bc4 38.Bxe4 Re2 39.Rxd5 Bxd5 40.Kxd5 Rxf2 41.Ke5 Re2
42.Kf4 Ke6 43.Bf5+ Kd5 44.Bg4 Rf2+ 45.Kg5 Ke5 46.Kg6 Rf6+ 47.Kg5 Rd6 48.h4 Rd8
49.Bf5 Rf8 50.Bg6 Rf1 51.h5 Rg1+ 52.Kh6 Kf6 53.Kh7 Rc1 54.Kg8 Rc7 55.Kf8 Rc8+
56.Be8 Rb8 57.h6 Rb7 58.Kg8 Re7 59.Bh5 Re5 60.Bf7 Rb5 61.Be8 Rb7 62.Bh5 Rb8+
63.Kh7 Kg5 64.Kg7 Kxh5 65.h7 Rb7+ 66.Kg8 Kg6 67.h8=N+ Kf6 0-1

[Event "Cto Equipos Aragón 2012 Div H. Titulo"]
[Site "Aragon"]
[Date "2012.04.14"]
[Round "10.9"]
[White "Quintin Navarro Alberto"]
[Black "Del Rey Diego"]
[Result "0-1"]
[WhiteElo "2201"]
[BlackElo "2371"]

1.d4 Nf6 2.c4 c5 3.d5 b5 4.cxb5 a6 5.f3 e6 6.e4 c4 7.Bxc4 axb5 8.Bxb5 Bc5 9.
Ne2 Qb6 10.Nec3 O-O 11.Bg5 exd5 12.Bxf6 gxf6 13.Qxd5 Nc6 14.Nd2 Nb4 15.Qb3 Ba6
16.Be2 Bxe2 17.Kxe2 d5 18.Nxd5 Nxd5 19.Qxd5 Rfd8 20.Qb3 Qa6+ 21.Nc4 Rab8 22.
Qc2 Rxb2 23.Qxb2 Qxc4+ 24.Ke1 Bb4+ 25.Kf2 Rd2+ 26.Qxd2 Bxd2 27.Rhd1 Bc3 28.
Rac1 Qxa2+ 29.Kg1 Qe2 30.Kh1 Bd2 31.Rb1 h5 32.h3 Bf4 33.Rf1 Kg7 34.Rbe1 Qb5
35.Rb1 Qc5 36.Rb2 h4 37.Rbb1 Kh6 38.Ra1 Qg5 39.Ra2 Qg3 40.Kg1 Be5 41.Rc2 Qh2+
42.Kf2 Bd4+ 43.Ke1 Qf4 44.Rff2 Bxf2+ 45.Kxf2 Qe5 46.Kg1 Kg5 47.f4+ Qxf4 48.
Rc5+ Kg6 49.Rf5 Qxe4 50.Rf3 Qxf3 51.gxf3 Kf5 52.Kf1 Kf4 53.Kf2 f5 54.Ke2 Kg3
55.f4 Kxh3 0-1

[Event "Cto Equipos Aragón 2012 Div H. Titulo"]
[Site "Aragon"]
[Date "2012.04.14"]
[Round "10.10"]
[White "Chueca Forcen Alberto"]
[Black "Gimenez Martinez Alberto"]
[Result "1-0"]
[WhiteElo "2350"]
[BlackElo "2170"]

1.d4 d5 2.c4 e6 3.Nc3 Nf6 4.cxd5 exd5 5.Bg5 Be7 6.e3 c6 7.Bd3 Nbd7 8.Qc2 O-O
9.Nge2 Re8 10.O-O Nf8 11.Rae1 Nh5 12.Bxe7 Qxe7 13.Na4 Ng6 14.Ng3 Nxg3 15.hxg3
Qd6 16.Rb1 h5 17.Bf5 h4 18.g4 Nf8 19.b4 g6 20.Bxc8 Raxc8 21.Nc5 Rc7 22.Nd3 Nh7
23.Ne5 Ng5 24.f3 Kg7 25.Kf2 Rh8 26.Rh1 Rh6 27.Qc5 Qd8 28.Qxa7 f6 29.Nd3 Re7
30.Nf4 b6 31.Qa4 Qd6 32.Qa6 Ne6 33.Nxe6+ Qxe6 34.Rb3 Qd6 35.Rh3 Qc7 36.Rc3 Rh8
37.a4 g5 38.Ke2 Rb8 39.Kd2 Rb7 40.Qd3 Qd6 41.g3 hxg3 42.Rh7+ Kf8 43.Rh8+ Kf7
44.Qh7+ Ke6 45.Qf5+ Kf7 46.Qc8 Kg6 47.Qf8 1-0

[Event "Cto Equipos Aragón 2012 Div H. Titulo"]
[Site "Aragon"]
[Date "2012.04.14"]
[Round "10.11"]
[White "Arregui Untoria Carlos"]
[Black "Melendez Fierro Juan Bautista"]
[Result "1-0"]
[WhiteElo "2080"]
[BlackElo "2208"]

1.d4 Nf6 2.c4 c5 3.d5 b5 4.cxb5 a6 5.f3 e6 6.e4 c4 7.Bxc4 axb5 8.Bxb5 Bc5 9.
Nc3 O-O 10.Nge2 Qb6 11.Qd3 Na6 12.Na4 Bf2+ 13.Kf1 Qa7 14.Bg5 Nb4 15.Qc3 Nfxd5
16.exd5 Nxd5 17.Qd3 Bb7 18.Nac3 Nb4 19.Qxd7 Nc2 20.Rc1 Be3 21.Rxc2 Bxg5 22.Qd4
Qb8 23.a4 Rd8 24.Qc5 Bf6 25.Kf2 Rc8 26.Qe3 Be7 27.Kf1 Bc5 28.Qf4 e5 29.Qf5 Rd8
30.Rc1 g6 31.Qc2 Be3 32.Rd1 Qc7 33.Rd3 Ba7 34.h4 h5 35.Rxd8+ Rxd8 36.Bd3 Qb6
37.Nd1 e4 38.fxe4 Bxe4 39.Rh3 Qf6+ 40.Ke1 Bxd3 41.Rxd3 Qxh4+ 42.g3 Qh1+ 43.Kd2
Re8 44.b4 Rxe2+ 45.Kxe2 Qg2+ 46.Nf2 Qxf2+ 47.Kd1 Qg1+ 48.Kd2 Qf2+ 49.Kc3 Qf6+
50.Kb3 h4 51.Qc8+ Kg7 52.gxh4 Qf1 53.Qc3+ Kh7 54.Rd8 1-0